Traversé l'Europe Alphabétiquement - Statistiques

Statistiques générales
  • Ce quiz a été pris 388 fois
    301 depuis la dernière actualisation
  • Le résultat moyen est 10 sur 21
Statistiques - réponses
Pays de départ Pays traversés Pays d'arrivé % Correct
Portugal Espagne
100%
France
86%
Andorre
85%
Allemagne
79%
Autriche
74%
Hongrie
65%
Croatie
48%
Bosnie
45%
Monténégro
42%
Albanie
41%
Grèce
39%
Bulgarie
38%
Macédoine
34%
Ukraine
34%
Biélorussie
33%
Kosovo
33%
Léttonie
33%
Moldavie
33%
Roumanie
33%
Serbie
33%
Estonie Russie
32%
Aucun quiz correspondant
Distribution des résultats
% des personnes avec chaque résultat
Percentile par nombre de réponses
Votre historique - résultats
Vous n’avez pas pris ce quiz depuis la dernière actualisation